| 000 | 00487nam a2200193Ia 4500 | ||
|---|---|---|---|
| 005 | 20250425161647.0 | ||
| 008 | 250425s9999 xx 000 0 und d | ||
| 041 | _aeng | ||
| 082 | _a536.7 | ||
| 100 | _aTREVOR, J. | ||
| 245 | 0 | _aTHE GENERAL THEORY OF THERMODYNAMICS: AN INTRODUCTION TO THE STUDY OF THERMODYNAMICS | |
| 250 | _aS.E. | ||
| 260 | _aBOSTON | ||
| 260 |
_aEstados Unidos _bGINN _c1927 |
||
| 300 | _a104 | ||
| 650 | _aTERMODINAMICA | ||
| 942 | _c01 | ||
| 010 | _a25273 | ||
| 999 |
_c213531 _d213531 |
||